LEADER 00808cam a2200217 a 4500 001 991001169859707536 008 110426s2010 nyu b 001 0 eng 020 $a9781608191659 035 $ab13971876-39ule_inst 040 $aDip.to Studi Storici$bita 082 04$a355.0209 100 1 $aHanson, Victor Davis$0153092 245 14$aThe father of us all :$bwar and history, ancient and modern /$cVictor Davis Hanson 260 $aNew York :$bBloomsbury,$c2010 300 $axii, 259 p. ;$c25 cm. 907 $a.b13971876$b21-02-12$c26-04-11 912 $a991001169859707536 945 $aLE023 355.020 HAN 1 1 $g1$i2023000130377$lle023$o-$pE21.34$q-$rn$sm $t0$u0$v0$w0$x0$y.i15327437$z05-10-11 996 $aFather of us all$9245472 997 $aUNISALENTO 998 $ale023$b26-04-11$cm$da $e-$feng$gnyu$h4$i0 LEADER 00704nam a2200217 i 4500 001 991003849589707536 005 20020506105542.0 008 990609s1943 it ||| | ita 035 $ab10563192-39ule_inst 035 $aEXGIL127914$9ExL 040 $aBiblioteca Interfacoltà$bita 100 1 $aBorlenghi, Aldo$0293278 245 10$aPea 260 $aPadova :$bCedam,$c1943 300 $a54 p. ;$c19 cm. 907 $a.b10563192$b02-04-14$c27-06-02 912 $a991003849589707536 945 $aLE002 Fondo Giudici M 978$g1$iLE002G-978$lle002$o-$pE0.00$q-$rn$so $t0$u0$v0$w0$x0$y.i10646024$z27-06-02 996 $aPea$9235756 997 $aUNISALENTO 998 $ale002$b01-01-99$cm$da $e-$fita$git $h0$i1